Представление документа в формате MARC21

ПолеНазваниеЗначение
  Тип записи a
  Библиографический уровень m
001 Контрольный номер RU/URAIT/583563
005 Дата корректировки 20260429163610.7
008 Кодируемые данные 260429s2026 RU y f j 000 0 rus u
020 Индекс ISBN __
a ISBN 978-5-534-09529-6
c Цена, тираж 2249.00
040 Источник каталогиз. __
a Служба первич. каталог. ИКО Юрайт
c Служба, преобразующая запись ИКО Юрайт
e Правила каталог. RCR
041 Код языка издания __
a Код языка текста rus
044 Код страны публикации __
a Код страны публикации RU
080 Индекс УДК __
a Индекс УДК 658(075.32)
084 Индекс другой классификации/Индекс ББК __
2 Источник индекса rubbk
a Индекс другой классификации/Индекс ББК 65.29я723
100 Автор __
a Автор Чалдаева Л. А.
q Полное имя Чалдаева Лариса Алексеевна
245 Заглавие __
a Заглавие Финансы, денежное обращение и кредит
b Продолж. заглавия учебник для спо
c Ответственность Л. А. Чалдаева [и др.] ; под редакцией Л. А. Чалдаевой.
250 Сведения об издании __
g испр. и доп
a Основные сведения об издании 5-е изд.
256 Характеристики компьютерного файла __
a Характеристики компьютерного файла Электрон. дан.
260 Выходные данные __
a Место издания Москва
b Издательство Юрайт
c Дата издания 2026
300 Физическое описание __
a Объем 436 с
440 Серия __
a Серия Профессиональное образование
500 Примечания __
a Примечание URL: https://urait.ru/bcode/583563 (дата обращения: 29.04.2026).
520 Аннотация __
a Аннотация Издание «Финансы, денежное обращение и кредит» содержит системно изложенный учебный материал, дающий целостное представление об устройстве финансов, о деньгах и денежном обращении, кредите и банках. В учебнике подробно освещены основы денежно-кредитных отношений, организационно-правовые аспекты построения бюджетной системы Российской Федерации, порядок формирования денежно-кредитной политики, финансы организаций (предприятий), правила управления финансами, налоговая система и страхование, рынок ценных бумаг, стратегия и тактика поведения на рынке ценных бумаг эмитентов и инвесторов, выполняющих операции с целью привлечения инвестиций. Приведен зарубежный опыт развития финансов, денег, кредита и банков. Соответствует актуальным требованиям Федерального государственного образовательного стандарта среднего профессионального образования и профессиональным требованиям. Издание предназначено для студентов, обучающихся по экономическим направлениям; может быть использовано в переподготовке и повышении квалификации, а также будет полезным аспирантам, преподавателям и практикам.
538 Прим. о системных особенностях __
a Прим. о системных особенностях Режим доступа: Электронно-библиотечная система Юрайт, для авториз. пользователей
653 Ключевые слова __
a Ключевые слова Деньги. Кредит. Банки
653 Ключевые слова __
a Ключевые слова Экономические науки
653 Ключевые слова __
a Ключевые слова Финансы, денежное обращение и кредит
653 Ключевые слова __
a Ключевые слова Финансовая грамотность
653 Ключевые слова __
a Ключевые слова Основы финансовой грамотности
653 Ключевые слова __
a Ключевые слова Основы экономики и финансовой грамотности
653 Ключевые слова __
a Ключевые слова Основы финансовой грамотности в профессиональной деятельности
653 Ключевые слова __
a Ключевые слова Денежное обращение, финансы и кредит
653 Ключевые слова __
a Ключевые слова Денежно-кредитная и финансовая системы
653 Ключевые слова __
a Ключевые слова Финансы, деньги, кредит
653 Ключевые слова __
a Ключевые слова Финансы, кредит и деньги
700 Другие авторы __
a Другие авторы Ахмедов Ф. Н.
q Полное имя Ахмедов Фахраддин Насраддин Оглы
700 Другие авторы __
a Другие авторы Алиев У. И.
q Полное имя Алиев Умар Исмаилович
700 Другие авторы __
a Другие авторы Дыдыкин А. В.
q Полное имя Дыдыкин Александр Викторович
700 Другие авторы __
a Другие авторы Блохина Т. К.
q Полное имя Блохина Татьяна Константиновна
700 Другие авторы __
a Другие авторы Быстряков А. Я.
q Полное имя Быстряков Александр Яковлевич
700 Другие авторы __
a Другие авторы Голодова Ж. Г.
q Полное имя Голодова Жанна Гаврииловна
700 Другие авторы __
a Другие авторы Карпова Д. П.
q Полное имя Карпова Дарья Павловна
700 Другие авторы __
a Другие авторы Морозова Е. А.
q Полное имя Морозова Елена Александровна
700 Другие авторы __
a Другие авторы Пилипенко О. И.
q Полное имя Пилипенко Ольга Ивановна
700 Другие авторы __
a Другие авторы Степанникова О. А.
q Полное имя Степанникова Оксана Алексеевна
856 Электронный адрес документа 40
n Местонахождение сервера Юрайт
g Электронная книга
q Тип электронного формата html
h Имя пользователя ЮРАЙТ
v Часы доступа к ресурсу 20271231
2 Способ доступа Показать документ
x Служебное примечание https://urait.ru/book/cover/3303FDFB-12D4-43F5-ABA8-AB6D7CBFFF7D
u URL https://urait.ru/bcode/583563
856 Электронный адрес документа 48
q Тип электронного формата cover
u URL https://urait.ru/book/cover/3303FDFB-12D4-43F5-ABA8-AB6D7CBFFF7D
911 __
u 0030=https://urait.ru/bcode/583563
911 __
u 073a=9785534095296
u 073d=2249.00
911 __
u 106a=s
911 __
u 900l=
952 Тип литературы __
i Дисциплина Финансы, денежное обращение и кредит
952 Тип литературы __
i Дисциплина Финансовая грамотность
952 Тип литературы __
i Дисциплина Основы финансовой грамотности
952 Тип литературы __
i Дисциплина Основы экономики и финансовой грамотности
952 Тип литературы __
i Дисциплина Основы финансовой грамотности в профессиональной деятельности
952 Тип литературы __
i Дисциплина Денежное обращение, финансы и кредит
952 Тип литературы __
i Дисциплина Денежно-кредитная и финансовая системы
952 Тип литературы __
i Дисциплина Финансы, деньги, кредит
952 Тип литературы __
i Дисциплина Финансы, кредит и деньги